<?xml version="1.0" encoding="UTF-8"?>
<record
    xmlns:xsi="http://www.w3.org/2001/XMLSchema-instance"
    xsi:schemaLocation="http://www.loc.gov/MARC21/slim http://www.loc.gov/standards/marcxml/schema/MARC21slim.xsd"
    xmlns="http://www.loc.gov/MARC21/slim">

  <leader>01650nam0a22002891  4500</leader>
  <controlfield tag="001">rc\4520</controlfield>
  <controlfield tag="005">20250620111725.0</controlfield>
  <datafield tag="035" ind1=" " ind2=" ">
    <subfield code="a">(NLR Aleph) 005294636</subfield>
  </datafield>
  <datafield tag="090" ind1=" " ind2=" ">
    <subfield code="a">6226074</subfield>
    <subfield code="c">6226074</subfield>
  </datafield>
  <datafield tag="100" ind1=" " ind2=" ">
    <subfield code="a">20021204d1991    |||y0rusy50      ca</subfield>
  </datafield>
  <datafield tag="101" ind1="0" ind2=" ">
    <subfield code="a">rus</subfield>
  </datafield>
  <datafield tag="102" ind1=" " ind2=" ">
    <subfield code="a">RU</subfield>
  </datafield>
  <datafield tag="105" ind1=" " ind2=" ">
    <subfield code="a">a   |||||||||</subfield>
  </datafield>
  <datafield tag="200" ind1="1" ind2=" ">
    <subfield code="a">&#x417;&#x430;&#x440;&#x443;&#x431;&#x435;&#x436;&#x43D;&#x44B;&#x439; &#x434;&#x435;&#x442;&#x435;&#x43A;&#x442;&#x438;&#x432;</subfield>
    <subfield code="e">[&#x421;&#x431;&#x43E;&#x440;&#x43D;&#x438;&#x43A;</subfield>
    <subfield code="e">&#x41F;&#x435;&#x440;. &#x441; &#x430;&#x43D;&#x433;&#x43B;.</subfield>
    <subfield code="f">&#x425;&#x443;&#x434;&#x43E;&#x436;. &#x421;. &#x413;&#x430;&#x43F;&#x43E;&#x43D;]</subfield>
  </datafield>
  <datafield tag="210" ind1=" " ind2=" ">
    <subfield code="a">&#x41C;.</subfield>
    <subfield code="c">&#x418;&#x437;&#x434;. &#x444;&#x438;&#x440;&#x43C;&#x430; "&#x414;&#x438;&#x43A;&#x43E;&#x43F;"</subfield>
    <subfield code="d">&#x411;. &#x433;. (1991)</subfield>
  </datafield>
  <datafield tag="215" ind1=" " ind2=" ">
    <subfield code="a">208 &#x441;.</subfield>
    <subfield code="c">&#x438;&#x43B;.</subfield>
    <subfield code="d">20</subfield>
  </datafield>
  <datafield tag="327" ind1="1" ind2=" ">
    <subfield code="a">&#x421;&#x43E;&#x434;&#x435;&#x440;&#x436;.: &#x41F;&#x43E;&#x445;&#x438;&#x449;&#x435;&#x43D;&#x438;&#x435; &#x43D;&#x43E;&#x440;&#x43A;&#x438; / &#x41C;. &#x414;&#x435;&#x434;&#x438;&#x43D;&#x430;. &#x414;&#x435;&#x43B;&#x43E; &#x435;&#x435; &#x437;&#x435;&#x43B;&#x435;&#x43D;&#x43E;&#x433;&#x43B;&#x430;&#x437;&#x43E;&#x439; &#x441;&#x435;&#x441;&#x442;&#x440;&#x44B; / &#x42D;.&#x421;. &#x413;&#x430;&#x440;&#x434;&#x43D;&#x435;&#x440;. &#x412;&#x43E;&#x441;&#x43A;&#x43E;&#x432;&#x430;&#x44F; &#x444;&#x438;&#x433;&#x443;&#x440;&#x430; / &#x42D;. &#x411;&#x44D;&#x440;&#x440;&#x435;&#x434;&#x436;. &#x423;&#x43C;&#x435;&#x440;&#x435;&#x442;&#x44C; &#x43D;&#x43E;&#x447;&#x44C;&#x44E; / &#x427;.&#x411;. &#x413;&#x438;&#x43B;&#x444;&#x43E;&#x440;&#x434;. &#x41F;&#x430;&#x440;&#x442;&#x438;&#x44F; &#x432; &#x431;&#x430;&#x43A;&#x43A;&#x430;&#x440;&#x430; / &#x41C;. &#x41B;&#x435;&#x431;&#x43B;&#x430;&#x43D;</subfield>
  </datafield>
  <datafield tag="464" ind1=" " ind2="0">
    <subfield code="1">2001#$a&#x41F;&#x43E;&#x445;&#x438;&#x449;&#x435;&#x43D;&#x438;&#x435; &#x43D;&#x43E;&#x440;&#x43A;&#x438;</subfield>
    <subfield code="1">700#1$a&#x414;&#x435;&#x434;&#x438;&#x43D;&#x430;$b&#x41C;.</subfield>
    <subfield code="t">&#x41F;&#x43E;&#x445;&#x438;&#x449;&#x435;&#x43D;&#x438;&#x435; &#x43D;&#x43E;&#x440;&#x43A;&#x438;</subfield>
    <subfield code="a">&#x414;&#x435;&#x434;&#x438;&#x43D;&#x430;, &#x41C;.</subfield>
  </datafield>
  <datafield tag="464" ind1=" " ind2="0">
    <subfield code="1">2001#$a&#x414;&#x435;&#x43B;&#x43E; &#x435;&#x435; &#x437;&#x435;&#x43B;&#x435;&#x43D;&#x43E;&#x433;&#x43B;&#x430;&#x437;&#x43E;&#x439; &#x441;&#x435;&#x441;&#x442;&#x440;&#x44B;</subfield>
    <subfield code="1">700#1$a&#x413;&#x430;&#x440;&#x434;&#x43D;&#x435;&#x440;$b&#x42D;.&#x421;.</subfield>
    <subfield code="t">&#x414;&#x435;&#x43B;&#x43E; &#x435;&#x435; &#x437;&#x435;&#x43B;&#x435;&#x43D;&#x43E;&#x433;&#x43B;&#x430;&#x437;&#x43E;&#x439; &#x441;&#x435;&#x441;&#x442;&#x440;&#x44B;</subfield>
    <subfield code="a">&#x413;&#x430;&#x440;&#x434;&#x43D;&#x435;&#x440;, &#x42D;.&#x421;.</subfield>
  </datafield>
  <datafield tag="464" ind1=" " ind2="0">
    <subfield code="1">2001#$a&#x412;&#x43E;&#x441;&#x43A;&#x43E;&#x432;&#x430;&#x44F; &#x444;&#x438;&#x433;&#x443;&#x440;&#x430;</subfield>
    <subfield code="1">700#1$a&#x411;&#x44D;&#x440;&#x440;&#x435;&#x434;&#x436;$b&#x42D;.</subfield>
    <subfield code="t">&#x412;&#x43E;&#x441;&#x43A;&#x43E;&#x432;&#x430;&#x44F; &#x444;&#x438;&#x433;&#x443;&#x440;&#x430;</subfield>
    <subfield code="a">&#x411;&#x44D;&#x440;&#x440;&#x435;&#x434;&#x436;, &#x42D;.</subfield>
  </datafield>
  <datafield tag="464" ind1=" " ind2="0">
    <subfield code="1">2001#$a&#x423;&#x43C;&#x435;&#x440;&#x435;&#x442;&#x44C; &#x43D;&#x43E;&#x447;&#x44C;&#x44E;</subfield>
    <subfield code="1">700#1$a&#x413;&#x438;&#x43B;&#x444;&#x43E;&#x440;&#x434;$b&#x427;.&#x411;.</subfield>
    <subfield code="t">&#x423;&#x43C;&#x435;&#x440;&#x435;&#x442;&#x44C; &#x43D;&#x43E;&#x447;&#x44C;&#x44E;</subfield>
    <subfield code="a">&#x413;&#x438;&#x43B;&#x444;&#x43E;&#x440;&#x434;, &#x427;.&#x411;.</subfield>
  </datafield>
  <datafield tag="464" ind1=" " ind2="0">
    <subfield code="1">2001#$a&#x41F;&#x430;&#x440;&#x442;&#x438;&#x44F; &#x432; &#x431;&#x430;&#x43A;&#x43A;&#x430;&#x440;&#x430;</subfield>
    <subfield code="1">700#1$a&#x41B;&#x435;&#x431;&#x43B;&#x430;&#x43D;$b&#x41C;.</subfield>
    <subfield code="t">&#x41F;&#x430;&#x440;&#x442;&#x438;&#x44F; &#x432; &#x431;&#x430;&#x43A;&#x43A;&#x430;&#x440;&#x430;</subfield>
    <subfield code="a">&#x41B;&#x435;&#x431;&#x43B;&#x430;&#x43D;, &#x41C;.</subfield>
  </datafield>
  <datafield tag="801" ind1=" " ind2="0">
    <subfield code="a">RU</subfield>
    <subfield code="b">NLR</subfield>
    <subfield code="g">psbo</subfield>
  </datafield>
  <datafield tag="801" ind1=" " ind2="1">
    <subfield code="a">RU</subfield>
    <subfield code="b">ELAR</subfield>
    <subfield code="2">rusmarc</subfield>
  </datafield>
  <datafield tag="852" ind1=" " ind2=" ">
    <subfield code="a">NLR</subfield>
    <subfield code="j">91-3/3662</subfield>
  </datafield>
  <datafield tag="942" ind1=" " ind2=" ">
    <subfield code="c">BOOK</subfield>
  </datafield>
  <datafield tag="980" ind1=" " ind2=" ">
    <subfield code="a">NB</subfield>
  </datafield>
  <datafield tag="995" ind1=" " ind2=" ">
    <subfield code="5">2013-10-26</subfield>
    <subfield code="b">NLR01</subfield>
    <subfield code="c">NLR01</subfield>
    <subfield code="e">RF9</subfield>
    <subfield code="f">5294636-10</subfield>
    <subfield code="k">91-3/3662</subfield>
    <subfield code="o">0</subfield>
    <subfield code="r">BOOK</subfield>
    <subfield code="s">9133662_</subfield>
  </datafield>
</record>
